| 000 | 00453nam a2200133Ia 4500 | ||
|---|---|---|---|
| 008 | 230907s9999||||xx |||||||||||||| ||und|| | ||
| 082 |
_a320.951 _bWAN |
||
| 100 |
_aWang, James C.F. _928007 |
||
| 245 | 0 | _aContemporary Chinese politics : an introduction / 5th ed. | |
| 260 |
_aPrentice Hall, _bEnglewood Cliffs, N.J. : _c1995 |
||
| 300 | _axviii, 371 p. : | ||
| 650 |
_aChina -- Politics and government -- 1976-2002 Chinese Studies _9116215 |
||
| 942 | _cBK | ||
| 999 |
_c601634 _d601634 |
||